Construction futures (Record no. 117417)
[ view plain ]
| 000 -LEADER | |
|---|---|
| fixed length control field | 01303cam a2200241 4500 |
| 001 - CONTROL NUMBER | |
| control field | ABS67797 |
| 008 - FIXED-LENGTH DATA ELEMENTS--GENERAL INFORMATION | |
| fixed length control field | 040528n2004 000 0 eng u |
| 035 ## - SYSTEM CONTROL NUMBER | |
| System control number | (Sirsi) u126319 |
| 100 ## - MAIN ENTRY--PERSONAL NAME | |
| Personal name | Moore, P. |
| 245 ## - TITLE STATEMENT | |
| Title | Construction futures |
| 260 ## - PUBLICATION, DISTRIBUTION, ETC. | |
| Date of publication, distribution, etc. | 2004 |
| 490 ## - SERIES STATEMENT | |
| Series statement | Architects' Journal |
| Volume/sequential designation | 219(17) 29 April 2004, 44-45(2) |
| 520 ## - SUMMARY, ETC. | |
| Summary, etc. | Quarterly survey examines the effect that recent government interventions may have had on the construction industry. Points out that the publication of the Barker and Lyons reviews (ISBN 1845320107 and ISBN 1845320093) are expected to increase workload in the medium term and radically affect the profile of the construction industry in the next 10 years. Key findings of the survey include that construction output in the fourth quarter of 2003 was 2% higher than the previous quarter and 6% higher than the fourth quarter of 2002. Tender prices are predicted to rise nationally by 3.7% in the next year, but private commercial sector work is expected to continue to fall. |
| 590 ## - LOCAL NOTE (RLIN) | |
| Local note | ABS |
| 590 ## - LOCAL NOTE (RLIN) | |
| Local note | ABS |
| 650 ## - SUBJECT ADDED ENTRY--TOPICAL TERM | |
| Topical term or geographic name entry element | CONSTRUCTION OUTPUT |
| 650 ## - SUBJECT ADDED ENTRY--TOPICAL TERM | |
| Topical term or geographic name entry element | PRIVATE COMMERCIAL |
| 650 ## - SUBJECT ADDED ENTRY--TOPICAL TERM | |
| Topical term or geographic name entry element | TENDER PRICES |
| 650 ## - SUBJECT ADDED ENTRY--TOPICAL TERM | |
| Topical term or geographic name entry element | SURVEYS |
| 650 ## - SUBJECT ADDED ENTRY--TOPICAL TERM | |
| Topical term or geographic name entry element | CONSTRUCTION FUTURES |
| 690 ## - LOCAL SUBJECT ADDED ENTRY--TOPICAL TERM (OCLC, RLIN) | |
| Topical term or geographic name as entry element | BUILDING AND CONSTRUCTION-PROCUREMENT, PARTNERING, TENDERING |
| 942 ## - ADDED ENTRY ELEMENTS (KOHA) | |
| Suppress in OPAC | 0 |
| Withdrawn status | Lost status | Source of classification or shelving scheme | Damaged status | Not for loan | Home library | Current library | Shelving location | Date acquired | Total Checkouts | Full call number | Barcode | Date last seen | Copy number | Price effective from | Koha item type |
|---|---|---|---|---|---|---|---|---|---|---|---|---|---|---|---|
| Dewey Decimal Classification | London | London | Journal article | 28/05/2004 | ABS67797 | 126319-1001 | 06/08/2019 | 1 | 06/08/2019 | Journal article |